00493 2200205 4500001002100000008004100021035002000062245005100082100002300133250000600156260002900162300001200191084001400203082000800217650001400225990001200239990001200251990001200263990001200275INLIS000000000000508 ind  a0010-0424000484 aPengetahuan Seni Rupa EropacElyandra Widharta aWidharta, Elyandra a1 aYogyakarta :bTAKAc2014 a136 hlm a700 ELY p a700 aNon Fiksi a0722056 a0722057 a0722058 a0722059